| 000 | 00442nam a2200169Ia 4500 | ||
|---|---|---|---|
| 008 | 220803s9999 xx 000 0 und d | ||
| 020 | _a978-81-8498-136-0 | ||
| 041 | _aeng | ||
| 082 | _a891.46 CAN/HAN | ||
| 100 |
_aCanfield J. _924380 |
||
| 245 | _aChicken Soup For The Sisters Soul | ||
| 260 |
_aPune _bMehta Pub. _c2010 |
||
| 300 | _a332p | ||
| 500 | _aArchitecture | ||
| 650 |
_aMarathi Literature _924381 |
||
| 700 |
_aHansen M. _924382 |
||
| 999 |
_c15399 _d15399 |
||